| 000 | 00586nam a22001817a 4500 | ||
|---|---|---|---|
| 008 | 160123b xxu||||| |||| 00| 0 eng d | ||
| 020 | _a0078616719 | ||
| 082 |
_22005 _aDK12 418.07 _bF529 |
||
| 100 |
_92029 _aFischer, Peter. |
||
| 245 |
_aVocabulary builder : _bcourse 6 / _cPeter Fischer. |
||
| 250 | _aAnnotated teacher edition. | ||
| 260 |
_aNew York :N.Y. : _bMcGraw-Hill/Glencoe, _cc2005. |
||
| 300 |
_avi, 202 pages : _c28 cm. |
||
| 521 | _aGrade 11. | ||
| 650 | 0 |
_92033 _aVocabulary _xStudy and teaching |
|
| 650 | 0 |
_92034 _aVocabulary _xProblems, exercises, etc. |
|
| 942 |
_2ddc _cDC |
||
| 999 |
_c763 _d763 |
||